Statistics for Write the Plane Name

Click here to take the quiz!

General Stats

  • This quiz has been taken 22 times
  • The average score is 8 of 10

Answer Stats

Answer% Correct
Boeing 737
95%
Boeing 747
90%
Boeing 787
90%
Airbus A380
85%
Boeing 757
85%
Boeing 777
85%
Airbus A319
80%
Antonov 225 Mriya
70%
Airbus A321
65%
MD80
30%

Score Distribution

Percentile by Number Answered

Percent of People with Each Score

Your Score History

You have not taken this quiz